Songs in "WHEN WE ALL FALL ASLEEP..." in Order - Spotify Streams - Statistics

General Stats
  • This quiz has been taken 22 times
  • The average score is 11 of 13
Answer Stats
Streams Song % Correct
2.547b bad guy
100%
1.024b bury a friend
95%
1.884b when the party's over
95%
310m 8
89%
250m goodbye
89%
435m ilomilo
89%
954m i love you
89%
649m all the good girls go to hell
84%
564m listen before i go
84%
519m my strange addiction
84%
797m wish you were gay
84%
469m xanny
84%
875m you should see me in a crown
79%
No matching quizzes found
Score Distribution
Percent of People with Each Score
Percentile by Number Answered
Your Score History
You have not taken this quiz